000 00601nam a2200241Ia 4500
003 OSt
005 20221005123719.0
006 a|||||r|||| 00| 0
007 ta
008 221004b |||||||| |||| 00| 0 eng d
024 _a113122
037 _cTextual
040 _aCRL
_cCRL
_beng
041 _2eng
_aeng
082 _aP15,Cx1,1,2, 15M7.2
100 _aPatanjali
245 0 _aMahabhsya vol II
260 _c1987
300 _a389p.
_ccm.
650 _aLANGUAGE AND LANGUAGES
_98342
942 _hP15,Cx1,1,2, 15M7.2
_cTEXL
_2cc
999 _c1048239
_d1048239